000
00276 a2200121 4500
001
155632
040
_c
Escola São Tomás de Aquino
100
_a
CUNHA, Leo
240
1
0
_a
A menina e o céu
_l
por
245
1
0
_a
A menina e o céu
697
_a
*LITERATURA INFANTO
942
_c
BK
999
_c
155632
_d
155632